| 000 | 00333nam a22001217a 4500 | ||
|---|---|---|---|
| 082 |
_a801 _bAHM |
||
| 100 | _aAhmad, Bashir | ||
| 245 |
_aJustice Shah Din: _bhis life and writings / _cBashir Ahmad |
||
| 260 |
_aLahore : _bMian Bashir Ahmad; Ferozsons, _c1962. |
||
| 300 |
_a449 p. ; _c22 cm. |
||
| 563 | _aHB. | ||
| 942 |
_2ddc _cBK |
||
| 999 |
_c616261 _d616261 |
||